| 000 -LEADER |
| fixed length control field |
01622 a2200265 4500 |
| 003 - CONTROL NUMBER IDENTIFIER |
| control field |
OSt |
| 005 - DATE AND TIME OF LATEST TRANSACTION |
| control field |
20180116192338.0 |
| 008 - FIXED-LENGTH DATA ELEMENTS--GENERAL INFORMATION |
| fixed length control field |
120517t xxu||||| |||| 00| 0 eng d |
| 020 ## - INTERNATIONAL STANDARD BOOK NUMBER |
| International Standard Book Number |
1864701064 (hardcover) |
| 020 ## - INTERNATIONAL STANDARD BOOK NUMBER |
| International Standard Book Number |
9781864701067 (hardcover) |
| 040 ## - CATALOGING SOURCE |
| Transcribing agency |
0 |
| 082 04 - DEWEY DECIMAL CLASSIFICATION NUMBER |
| Classification number |
720.9182 |
| 100 1# - MAIN ENTRY--PERSONAL NAME |
| Personal name |
House, Steven. |
| 9 (RLIN) |
1648 |
| 245 10 - TITLE STATEMENT |
| Title |
Mediterranean villages : |
| Remainder of title |
an architectural journey / |
| Statement of responsibility, etc. |
Steven House. |
| 260 ## - PUBLICATION, DISTRIBUTION, ETC. |
| Place of publication, distribution, etc. |
Victoria : |
| Name of publisher, distributor, etc. |
Images Publishing Dist A/C, |
| Date of publication, distribution, etc. |
2006. |
| 300 ## - PHYSICAL DESCRIPTION |
| Extent |
320 p. : |
| Other physical details |
ill.; |
| Dimensions |
29 cm. |
| 520 ## - SUMMARY, ETC. |
| Summary, etc. |
This remarkable new book celebrates village architecture in four Mediterranean regions the hilltowns of central Italy, the Aegean islands of Greece, the Dalmatian coast, and the Andalulsian region of southern Spain. It showcases a collection of drawings, photographs, paintings and maps presented in a cohesive and holistic manner. Steven and Cathi House have been able to capture the essence of Mediterranean architecture, which is a significant achievement. Their drawings and photographs trigger memories for those who have travelled the Mediterranean and offer insight for those who have not. Mediterranean Villages: An Architectural Journey is a handsome, meaningful record and a thoughtful interpretation of a classic theme. |
| 650 0# - SUBJECT ADDED ENTRY--TOPICAL TERM |
| Topical term or geographic name entry element |
Architects and community |
| 9 (RLIN) |
1649 |
| 650 0# - SUBJECT ADDED ENTRY--TOPICAL TERM |
| Topical term or geographic name entry element |
Architecture |
| General subdivision |
Travel |
| 9 (RLIN) |
1650 |
| 650 0# - SUBJECT ADDED ENTRY--TOPICAL TERM |
| Topical term or geographic name entry element |
Mediterranean Region |
| 9 (RLIN) |
1651 |
| 650 0# - SUBJECT ADDED ENTRY--TOPICAL TERM |
| Topical term or geographic name entry element |
Villages |
| 9 (RLIN) |
1652 |
| 856 40 - ELECTRONIC LOCATION AND ACCESS |
| Materials specified |
Amazon.com |
| Uniform Resource Identifier |
<a href="http://www.amazon.com/exec/obidos/ASIN/1864701064/chopaconline-20">http://www.amazon.com/exec/obidos/ASIN/1864701064/chopaconline-20</a> |
| 942 ## - ADDED ENTRY ELEMENTS (KOHA) |
| Institution code [OBSOLETE] |
SADA |
| Koha item type |
Book |
| Call number prefix |
720.9182 HOU 2006 |
| Source of classification or shelving scheme |
|